Online Catalogue and eLibrary

Inru maalai, ennudan (Record no. 4000)

MARC details
000 -LEADER
fixed length control field 00375nam a2200145Ia 4500
005 - DATE AND TIME OF LATEST TRANSACTION
control field 20250318054056.0
008 - FIXED-LENGTH DATA ELEMENTS--GENERAL INFORMATION
fixed length control field 240331s9999 xx 000 0 und d
082 ## - DDC Classification
Item Number - Author Mark KAV
Class No. 894
100 ## - MAIN ENTRY--PERSONAL NAME
Personal name Kaveri,L
245 #0 - TITLE STATEMENT
Title Inru maalai, ennudan
260 ## - PUBLICATION, DISTRIBUTION, ETC.
Place of publication, distribution, etc. Madras
Name of publisher, distributor, etc. Narmadha Pathipagam
Date of publication, distribution, etc. 1993
300 ## - PHYSICAL DESCRIPTION
Extent (e.g. Volumes, Pages etc.) 280 p .,
500 ## - GENERAL NOTE
General note A Collection of Contemporary Short Stories
942 ## - Koha item type (Biblio)
Koha item type Books in Stacks (Lending)
Holdings
Lost status Damaged status Collection code Home library Current library Shelving location Date acquired Full call number Accession Number Item type
    Lending WERC Library WERC Library Social Science Cupboard 03/31/2024 894.811 KAV 5014 Books in Stacks (Lending)

© WERC Library